000 03134cam a2200409 4500500
005 20260208003819.0
041 _afre
042 _adc
100 1 0 _aDerycke, Marc
_eauthor
245 0 0 _aDes rires de “dominés ”, déprise de l'enquêteur
260 _c2006.
500 _a27
520 _aIl s’agit de la tentative de rendre compte de rires ponctuant un entretien auprès d’un couple d’illettrés interrogés sur leur réussite sociale. Le traitement fait état de deux surprises et de deux découvertes : 1) l’analyse des mécanismes du rire nécessite de privilégier non la langue, matériau du mot d’esprit, mais un voir une scène où un tiers se révèle être nécessairement présent dans la situation qui se révèle comique, toutefois la langue fait ici retour par un ultime coup de théâtre; 2) enquête en immersion, l’interprétation des données était produite a priori, en toute impunité, mais une rencontre avec un collègue révélera après coup qu’elle était erronée : la démarche ethnologique impose de se déprendre du rapport maîtrise, calqué sur les sciences de la nature, que le chercheur en sciences humaines entretient avec son « objet » : il s’agit de rendre compte de ce rapport de déprise.
520 _a« Minority » laughter and renunciation of the research object We attempt here to account for the laughter that punctuated our talk with an illiterate couple being interviewed on their social success. The paper presents two surprises and two discoveries : 1) analyzing the mechanisms of laughter requires giving precedence not to language itself, which is the stuff witticisms are made of, but to what one “sees”, i.e. a scene in which the third person is necessarily present for the situation to become a comedy ; yet language boomerangs in an ultimate coup de théâtre; 2) knowing the interviewees personally, we were sure we understood until a discussion with a colleague showed us later that we had misinterpreted the facts : the ethnological approach forces researchers to get off their high horse, to give up the mastery borrowed from the natural sciences that usually defines their relationship with their « object » : the idea is to account for that renunciation.
690 _acomique
690 _aethnologie urbaine
690 _aillettrés
690 _alangue/langage
690 _amaîtrise/déprise de l'objet de recherche
690 _amodalités
690 _amot d'esprit
690 _aopérations (syntaxe des)
690 _apsychanalyse
690 _arire
690 _asémiotique
690 _acomedy
690 _aethnology (urban)
690 _ailliterates
690 _alanguage
690 _alaughter
690 _amastery / renunciation of the research object
690 _aoperations (syntax of grammatical)
690 _apsychoanalysis
690 _asemiotic syntax of grammatical
786 0 _nLangage et société | 117 | 3 | 2006-09-01 | p. 9-40 | 0181-4095
856 4 1 _uhttps://shs.cairn.info/revue-langage-et-societe-2006-3-page-9?lang=fr&redirect-ssocas=7080
999 _c1649030
_d1649030